• 首页
  • 本馆介绍
  • 公告通知
  • 最新文献
  • 馆藏检索
  • 电子资源
  • 读者导购
  • 参考咨询
  • 我的图书馆
  • 登录
  • 详细信息显示
  • 放入我的书架
  • 预约/预借图书
  • 作者相关作品
  • 分类相关作品
  • 丛书相关作品
  • 出版社相关作品

书目信息

  • 表格格式
  • 工作单格式
  • 卡片格式
题名:
体育消费者行为学
    
 
作者: 骆秉全 , 姚娜 主编
分册:  
出版信息: 北京   高等教育出版社  2014
页数: 225页
开本: 23cm
丛书名:
单 册:
中图分类: G80-052
科图分类:
主题词: 体育--消费者行为论--高等学校--教材
电子资源:
ISBN: 978-7-04-039464-1
000 00912nam0 2200253 450
001 0103200282
005 20140831192100.0
010    @a978-7-04-039464-1@dCNY23.50
100    @a20140716d2014 em y0chiy0120 ea
101 0  @achi
102    @aCN@b110000
105    @ay z 000yy
106    @ar
200 1  @a体育消费者行为学@9Ti Yu;Yo Xiao Fei Zhe Xing;Hang;Heng Wei Xue @f骆秉全,姚娜主编@b专著
210    @a北京@c高等教育出版社@d2014
215    @a225页@d23cm
300    @a高等学校教材
330    @a本书内容包括:体育消费者行为概论、体育消费市场分析、消费者行为的外部影响因素、消费者行为的内部影响因素、营销组合和体育消费者行为、体育消费者的购买过程、不同群体的体育消费行为。
606 0  @a体育@x消费者行为论@x高等学校@j教材
690    @aG80-052@v5
701  0 @a骆秉全@f(1964.4~)@4主编@9luo bing quan
701  0 @a姚娜@4主编@9yao na
801  0 @aCN@bAZmarc@c20230902
905    @aBZT@dG80@e70@f1@sG80/70
    
    体育消费者行为学/骆秉全,姚娜主编.-北京:高等教育出版社,2014
    225页;23cm
    高等学校教材
    
    ISBN 978-7-04-039464-1:CNY23.50
    本书内容包括:体育消费者行为概论、体育消费市场分析、消费者行为的外部影响因素、消费者行为的内部影响因素、营销组合和体育消费者行为、体育消费者的购买过程、不同群体的体育消费行为。
●
相关链接 在五车中查询图书 在当当中查询图书 在豆瓣中查询图书


正题名:体育消费者行为学     索取号:G80/70         预约/预借

序号 登录号 条形码 馆藏地/架位号 状态 备注
1 2000009641   2000009641   旧书回溯/ [索取号:G80/70] 在馆    
山东省滨州职业学院图书馆 欢迎您!
大连网信软件有限公司© 版权所有